000 00278nam a22001217a 4500
008 180730b xxu||||| |||| 00| 0 eng d
082 _a815.32
245 _aLife map Discovery
_cSantrock, J.W
300 _a1
_fCD
440 _x9780072967418
760 _b10th
942 _2ddc
_cMX
999 _c46682
_d46682